1866 1042 1401 1421 1841 1934 1170 1973 1269 1725 1138 1710 1649 1831 1054 1522 1656 1353 1156 1137 1899 1896 1937 1417 1140 1217 1523 1710 1266 1820 1919 1241 1907 1631 1369 1060 1840 1335 1824 1983 1894 1242 1127 1590 1493 1714 1751 1987 1549 1721 1386 1185 1738 1002 1273 1525 1185 1584 1720 1706 1583 1626 1374 1992 1229 1841 1494 1842 1546 1792 1830 1986 1084 1328 1744 1017 1453 1660 1255 1750 1363 1100 1616 1087 1787 1981 1196 1632 1535 1084 1994 1605 1745 1273 1917 1485 1614 1136 1527 BCNSPRNW ULIB Ver.6.0+V

เปลี่ยนเป็นภาษาไทย

Change to English
 แสดงรายละเอียดบรรณานุกรม
  กลับหน้าหลัก

Brief Record : Get Marc (ISO 2709) : E-mail record : QR code < ปิดหน้าต่าง
LEADER : 00000nam 2200000uu 4500
001    13399114994
003     ULIB
008    110627s2551||||th 000 0 tha d
020    9789741098170
090    นว.^bว354ร
100 0  วลีวิไล
245 00 รักฉันไหมหัวใจฝากถาม/^cวลีวิไล
250    พิมพ์ครั้งที่ 2
260    กรุงเทพฯ :^bแจ่มใส,^c2551
300    397 หน้า
710 1  แจ่มใส
945    ^p239^l0^i024481
995    ทศพร
999 ^a ใช้งานได้ทุกระบบ
รายการนี้ยังไม่มีแท็ก
คุณยังไม่ได้ล็อกอิน คุณสามารถมีกิจกรรมร่วมกับเว็บไซต์ได้ แต่ต้องล็อกอินก่อน ::
  ล็อกอิน

รายการสื่อสารสนเทศ

ลำดับที่ ประเภท เลขเรียก/บาร์โค้ด สถานที่ สถานะ
1. นวนิยาย
นวนิยาย
นว. ว354ร ฉ.1 
  Barcode: 024481
ห้องสมุดวิทยาเขตสวรรค์ประชารักษ์
►นวนิยาย
บนชั้น
  ขอยืม

BibComment


ยังไม่เคยถูกคอมเมนท์

คอมเมนท์ทรัพยากรรายการนี้
  คอมเมนท์: รักฉันไหมหัวใจฝาก..


 Copyright 2026. Bcnsprnw @Library